Mulla Hindu law : (Record no. 93453)

MARC details
000 -LEADER
fixed length control field 00780nam a22002177a 4500
005 - DATE AND TIME OF LATEST TRANSACTION
control field 20150625152135.0
010 ## - LCCN (DPL NO)
LC control number ENG-112951
020 ## - INTERNATIONAL STANDARD BOOK NUMBER
Terms of availability 2195.00
International Standard Book Number 9788180388477
035 ## - SYSTEM CONTROL NUMBER
System control number EN-96483
037 ## - SOURCE OF ACQUISITION
Source of stock number/acquisition DBAD/PUB
082 ## - DEWEY DECIMAL CLASSIFICATION NUMBER
Classification number 340.0917645
100 ## - MAIN ENTRY--PERSONAL NAME
Personal name Mulla, Dinshaw Fardunji
245 ## - TITLE STATEMENT
Title Mulla Hindu law :
Remainder of title with a general introduction to Hindu law ...........adoption & maintenance act, 1956 /
Statement of responsibility, etc by Dinshaw Fardunji Mulla
250 ## - EDITION STATEMENT
Edition statement 21st updated ed Satyajeet A. Desai
260 ## - PUBLICATION, DISTRIBUTION, ETC. (IMPRINT)
Place of publication, distribution, etc Gurgoan
Name of publisher, distributor, etc LexisNexis
Date of publication, distribution, etc 2013
270 ## - ADDRESS
City Gurgoan
Postal code 122002
Address 14th Floor, Building No. 10, Tower-B, DLF Cyber City, Phase-II
300 ## - PHYSICAL DESCRIPTION
Extent ccli,1465p.
Dimensions 25cm(Hb)
500 ## - GENERAL NOTE
General note Includes index
700 ## - ADDED ENTRY--PERSONAL NAME
Personal name Desai, Satyajeet A.
942 ## - ADDED ENTRY ELEMENTS (KOHA)
Source of classification or shelving scheme Dewey Decimal Classification
Item type English Books
Call number suffix MUL
Classification part 340.0917645
Holdings
Withdrawn status Lost status Not for loan Collection code Home library Current library Date acquired Source of acquisition Cost, normal purchase price Full call number Barcode Copy number Cost, replacement price Koha item type
    Not For Loan Non-fiction D.B.Act.Division D.B.Act.Division 11/05/2015 DBAD/PUB 2195.00 340.0917645 MUL EN-96483 1 2195.00 English Books

© Delhi Public Library
Hit Counter
free hit counter